Score 0/8 Timer 10:00
0 Plays Today
Answer % Correct
Nancy Drew
100%
Carson Drew
99.9%
Bess Marvin
99.9%
Ned Nickerson
99.9%
George
99.7%
Hannah Gruen
99.7%
Deridre Shannon
98.7%
Luther Eldridge
98.4%
Remove Ads.
Support Sporcle.
Get the best of Sporcle when you Go Orange. This ad-free experience offers more features, more stats, and more fun while also helping to support Sporcle. Thank you for becoming a member.

You're not logged in!

Compare scores with friends on all Sporcle quizzes.
OR
Log In

Show Comments

Extras

Created Oct 1, 2013ReportNominate
Tags:Drew, Nancy, Nancy Drew

Top Quizzes Today


Score Distribution

Your Account Isn't Verified!

In order to create a playlist on Sporcle, you need to verify the email address you used during registration. Go to your Sporcle Settings to finish the process.

Report this User

Report this user for behavior that violates our Community Guidelines.

Details: